Vom Wort zur Antwort: Evangeliumsverkündigung und Dialog in der Begegnung mit Muslimen heute
| Main Author: | |
|---|---|
| Format: | Print Article |
| Language: | German |
| Check availability: | HBZ Gateway |
| Interlibrary Loan: | Interlibrary Loan for the Fachinformationsdienste (Specialized Information Services in Germany) |
| Published: |
1999
|
| In: |
Kein anderer Name
Year: 1999, Pages: 360-372 |
| Standardized Subjects / Keyword chains: | B
Christianity
/ Islam
/ Interfaith dialogue
|
| RelBib Classification: | BJ Islam CC Christianity and Non-Christian religion; Inter-religious relations |
MARC
| LEADER | 00000caa a2200000 c 4500 | ||
|---|---|---|---|
| 001 | 1348548142 | ||
| 003 | DE-627 | ||
| 005 | 20240619173826.0 | ||
| 007 | tu | ||
| 008 | 080327s1999 xx ||||| 00| ||ger c | ||
| 020 | |a 3933372259 | ||
| 035 | |a (DE-627)1348548142 | ||
| 035 | |a (DE-576)278548148 | ||
| 035 | |a (DE-599)BSZ278548148 | ||
| 040 | |a DE-627 |b ger |c DE-627 |e rakwb | ||
| 041 | |a ger | ||
| 084 | |a 1 |a 0 |2 ssgn | ||
| 100 | 1 | |a Hauser, Albrecht |4 aut | |
| 245 | 1 | 0 | |a Vom Wort zur Antwort |b Evangeliumsverkündigung und Dialog in der Begegnung mit Muslimen heute |c Albrecht Hauser |
| 264 | 1 | |c 1999 | |
| 336 | |a Text |b txt |2 rdacontent | ||
| 337 | |a ohne Hilfsmittel zu benutzen |b n |2 rdamedia | ||
| 338 | |a Band |b nc |2 rdacarrier | ||
| 601 | |a Antwort | ||
| 652 | |a BJ:CC | ||
| 689 | 0 | 0 | |d s |0 (DE-588)4010074-1 |0 (DE-627)104493933 |0 (DE-576)20888579X |2 gnd |a Christentum |
| 689 | 0 | 1 | |d s |0 (DE-588)4027743-4 |0 (DE-627)106283499 |0 (DE-576)20897220X |2 gnd |a Islam |
| 689 | 0 | 2 | |d s |0 (DE-588)4192352-2 |0 (DE-627)105235164 |0 (DE-576)210079924 |2 gnd |a Interreligiöser Dialog |
| 689 | 0 | |5 (DE-627) | |
| 773 | 0 | 8 | |i In |t Kein anderer Name |d Nürnberg : Verlag für Theologie und Religionswissenschaft, 1999 |g (1999), Seite 360-372 |h 532 S |w (DE-627)300691939 |w (DE-576)07946369X |z 3933372259 |7 nnam |
| 773 | 1 | 8 | |g year:1999 |g pages:360-372 |
| 889 | |w (DE-627)1862826196 | ||
| 935 | |a mteo | ||
| 935 | |i mdedup | ||
| 951 | |a AR | ||
| ELC | |b 1 | ||
| ITA | |a 1 | ||
| LOK | |0 000 xxxxxcx a22 zn 4500 | ||
| LOK | |0 001 2566518122 | ||
| LOK | |0 003 DE-627 | ||
| LOK | |0 004 1348548142 | ||
| LOK | |0 005 20080327094459 | ||
| LOK | |0 008 080327||||||||||||||||ger||||||| | ||
| LOK | |0 040 |a DE-21-31 |c DE-627 |d DE-21-31 | ||
| LOK | |0 852 |a DE-21-31 | ||
| LOK | |0 852 1 |c Oa III e 24 |m p |9 00 | ||
| LOK | |0 935 |a kneu | ||
| LOK | |0 938 |k p | ||
| LOK | |0 939 |a 27-03-08 |b l01 | ||
| LOK | |0 000 xxxxxcx a22 zn 4500 | ||
| LOK | |0 001 2914240155 | ||
| LOK | |0 003 DE-627 | ||
| LOK | |0 004 1348548142 | ||
| LOK | |0 005 20160405122318 | ||
| LOK | |0 008 160404||||||||||||||||ger||||||| | ||
| LOK | |0 040 |a DE-Tue135 |c DE-627 |d DE-Tue135 | ||
| LOK | |0 092 |o n | ||
| LOK | |0 852 |a DE-Tue135 | ||
| LOK | |0 852 1 |9 00 | ||
| LOK | |0 935 |a ixfe |a ixmi | ||
| LOK | |0 936ln |0 1442043806 |a CC | ||
| LOK | |0 936ln |0 1442043539 |a BJ | ||
| LOK | |0 939 |a 04-04-16 |b l01 | ||
| ORI | |a SA-MARC-ixtheoa001.raw | ||
| REL | |a 1 | ||
| STA | 0 | 0 | |a Christianity,Christian world view,World view,Christian ideology,Interfaith dialogue,Interreligious relations,Interreligious dialog,Interreligious encounter,Islam,Islam |
| STB | 0 | 0 | |a Christianisme,Christianisme,Dialogue interreligieux,Dialogue interreligieux,Islam,Islam |
| STC | 0 | 0 | |a Cristianismo,Cristianismo,Cristiandad,Cristiandad,Cristiandad (Motivo),Cristiandad,Diálogo interreligioso,Diálogo inter-religioso,Islam,Islam |
| STD | 0 | 0 | |a Cristianesimo,Cristianesimo,Dialogo interreligioso,Dialogo interreligioso,Islam,Islam |
| STE | 0 | 0 | |a 伊斯兰教,伊斯兰教,回教,回教,基督教,基督教,基督教世界观,宗教间关系 |
| STF | 0 | 0 | |a 伊斯蘭教,伊斯蘭教,回教,回教,基督教,基督教,基督教世界觀,宗教間關係 |
| STG | 0 | 0 | |a Cristianismo,Cristianismo,Cristandade,Cristandade,Cristandade (Motivo),Cristandade,Diálogo inter-religioso,Diálogo inter-religioso,Islã,Islã |
| STH | 0 | 0 | |a Ислам (мотив),Ислам,Межрелигиозный диалог,Христианство (мотив),Христианство |
| STI | 0 | 0 | |a Διαθρησκειακός διάλογος,Ισλάμ (μοτίβο),Ισλάμ,Χριστιανισμός (μοτίβο),Χριστιανισμός |
| SUB | |a REL | ||
| SYG | 0 | 0 | |a Christianity,Christliche Mission,Missionierung,Christenheit,Christianitas,Christliche Religion,Christliche Weltanschauung , Islam , Interreligiöse Beziehung,Interreligiöse Begegnung,Interreligiöser Kontakt,Religionskontakt |



